Normal view
MARC view
- Supervisor: Dr. Muhammad Ali
Entry Personal Name
001 - CONTROL NUMBER
- control field: 124901
003 - CONTROL NUMBER IDENTIFIER
- control field: NUST
005 - DATE AND TIME OF LATEST TRANSACTION
- control field: 20240730162534.0
008 - FIXED-LENGTH DATA ELEMENTS
- fixed length control field: 240730|| aca||aabn | a|a d
040 ## - CATALOGING SOURCE
- Original cataloging agency: NUST
- Transcribing agency: NUST
100 ## - HEADING--PERSONAL NAME
- Personal name: Supervisor: Dr. Muhammad Ali
670 ## - SOURCE DATA FOUND
- Source citation: Work cat.: (NUST): Fatima, Kaneez 19514, The Economic Cost of Inadequate Water and Sanitation in Pakistan/
